000 00817nam a22002657i 4500
001 000032418
003 DO-SdBNP
005 20240312134835.0
007 ta
008 110718s1931 dr 000 0 spa d
040 _aDO-SdBNP
_bspa
_cBNPHU
_erda
082 4 _aRD863.42
_bL864h
_222
100 1 _aLopéz Penha, Haim H.
_929198
_4autor
245 1 0 _aHidalguía antillana :
_bnovela /
_cHaim H. Lopéz Penha.
264 2 _aBarcelona :
_bCasa Editorial Araluce,
_c1931.
300 _a76 páginas ;
_c24 cm.
336 _atexto
_btxt
_2rdaconten
337 _asin mediación
_bn
_2rdamedia
338 _avolumen
_bnc
_2rdacarrier
590 _aInventariado, 2022 / DG
650 4 _aNovela española
_91123
650 4 _aLiteratura española
_9632
910 _aDG/ Validado. Control de Calidad/MAA
942 _2ddc
_cLBS1
999 _c51384
_d51384